Normal view MARC view

Entry Topical Term

Number of records used in: 1

001 - CONTROL NUMBER

  • control field: 40975

003 - CONTROL NUMBER IDENTIFIER

  • control field: OSt

005 - DATE AND TIME OF LATEST TRANSACTION

  • control field: 20231011145100.0

008 - FIXED-LENGTH DATA ELEMENTS

  • fixed length control field: 231011|| aca||aabn | a|a d

040 ## - CATALOGING SOURCE

  • Original cataloging agency: OSt
  • Transcribing agency: OSt

150 ## - HEADING--TOPICAL TERM

  • Topical term or geographic name entry element: Common service centers, Digital divide, e-District, e-Governance, e-Services.

670 ## - SOURCE DATA FOUND

  • Source citation: Work cat.: (OSt): Sharma, Sapna K.and Sharma, Babita 40974, People perception towards e-services in hilly area: A case study of e-districts in Himachal Pradesh

Powered by Koha